00397 a2200145 450000100060000002000150000604000370002110000210005824000560007924500510013530000120018636200090019844000130020765000310022072258 a8574885258 cAnchieta - Colégio São Paulo aLelarge, Fabrice10a365 Piadas para crianças a partir dos 7 anoslpor10a365 Piadas para crianças a partir dos 7 anos a[192p.]0 a2005 1aGirassol 4aLiteratura infanto-juvenil